Úloha práva v postmodernej dobe pri ochrane nájomného bývania

Podpora a rozvoj bytovej politiky v štátoch EÚ. "Skutkový a právny stav" bývania v SR. Novelizácia Občianskeho zákonníka č. 509/1991 Zb. Nájomné bývanie v SR "de lege ferenda".

Saved in:
Bibliographic Details
Main Author: Dulaková Jakúbeková, Denisa
Format: Book Chapter
Language:Slovak
Subjects:
Tags: Add Tag
No Tags, Be the first to tag this record!

MARC

LEADER 00000naa a2200000 4500
001 0284530
005 20220721102227.1
041 0 |a slo 
044 |a SK 
245 1 0 |a Úloha práva v postmodernej dobe pri ochrane nájomného bývania  |c Denisa Dulaková Jakúbeková 
520 |a Podpora a rozvoj bytovej politiky v štátoch EÚ. "Skutkový a právny stav" bývania v SR. Novelizácia Občianskeho zákonníka č. 509/1991 Zb. Nájomné bývanie v SR "de lege ferenda". 
610 2 0 |a bývanie 
610 2 0 |a nájomné 
610 2 0 |a politika bytová 
610 2 0 |a zákony 
610 2 0 |a práva ľudské 
100 1 |a Dulaková Jakúbeková, Denisa